El mono desnudo: un estudio del animal humano

محفوظ في:
التفاصيل البيبلوغرافية
المؤلف الرئيسي: Morris, Desmond (autor)
التنسيق: كتاب
اللغة:الإسبانية
منشور في: Barcelona Plaza y Janes 1980
الطبعة:17a. ed
سلاسل:Rota Tiva, 15
الموضوعات:
الوسوم: إضافة وسم
لا توجد وسوم, كن أول من يضع وسما على هذه التسجيلة!

MARC

LEADER 00000cam a2200000 a 4500
001 UCC3135
003 CL-VaPUC
008 180422e19800000sp |||||||||||||||||spa|d
082 0 4 |a 301  |b MOR  |2 21 
100 |a Morris, Desmond  |e autor  |9 597200 
245 1 3 |a El mono desnudo: un estudio del animal humano 
250 |a 17a. ed 
300 |a 204 p 
942 |c BK 
945 |d 20180422 17:11:00  |a dcastane 
260 |a Barcelona  |b Plaza y Janes  |c 1980 
650 0 |a Antropología   |9 233030 
650 0 |a Naturaleza humana   |9 308593 
583 |a last modification  |c 20180422 17:11:00  |k Rodrigo Vera 
490 0 |a Rota Tiva, 15 
999 |c 370985  |d 370983 
952 |0 0  |1 0  |3 erb  |4 0  |6 301_000000000000000_MOR_1980  |7 0  |8 A  |9 487806  |a BIBEDU  |b BIBEDU  |i 5465427  |o 301 MOR 1980  |p 5465427  |r 2019-11-24  |w 2019-11-24  |y BK  |z Catalogado en:20180422  |k PSI